Players of National Teams - Croatia - Statistics

General Stats
  • This quiz has been taken 11 times
  • The average score is 10 of 23
Answer Stats
Pos. Team Player % Correct
LW PSV Eindhoven Ivan Perišić
100%
CM AC Milan Luka Modrić
100%
GK Girona FC Dominik Livakovic
78%
CB Manchester City Josko Gvardiol
78%
RB Bayern Munich Josip Stanisic
67%
AM TSG Hoffenheim Andrej Kramaric
56%
CB Ajax Josip Sutalo
56%
LW Pafos FC Mislav Orsic
44%
CM Inter Milan Petar Sučić
44%
FW SC Freiburg Igor Matanovic
33%
DM FC Augsburg Kristijan Jakic
33%
CB ACF Fiorentina Marin Pongracic
33%
CM Atalanta BC Mario Pašalić
33%
CB FC Midtjylland Martin Erlić
33%
DM Bologna FC Nikola Moro
33%
AM Torino FC Nikola Vlašić
33%
FW SL Benfica Franjo Ivanović
22%
GK Hajduk Split Ivica Ivusic
22%
GK Hull City Ivor Pandur
22%
RW Orlando City Marco Pašalić
22%
FW FC Dallas Petar Musa
22%
AM HNK Rijeka Toni Fruk
22%
CB Real Sociedad Duje Caleta-Car
11%
No matching quizzes found
Score Distribution
Percent of People with Each Score
Percentile by Number Answered
Your Score History
You have not taken this quiz